Synthetische zahlenttheorie
Αποθηκεύτηκε σε:
| Κύριος συγγραφέας: | |
|---|---|
| Μορφή: | Βιβλίο |
| Γλώσσα: | German |
| Δημοσίευση: |
Berlin :
W. de Gruyter & co.,
1925
|
| Έκδοση: | 3η έκδ. αναθ. |
| Σειρά: | Goschens Lehrbucherei. Reine und angewadte Mathematik
4 |
| Θέματα: | |
| Ετικέτες: |
Προσθήκη ετικέτας
Δεν υπάρχουν, Καταχωρήστε ετικέτα πρώτοι!
|
MARC
| LEADER | 00000cam a2200000 a 4500 | ||
|---|---|---|---|
| 001 | 1/106484 | ||
| 008 | 150522s1950####gw | ||| |||| ||ger|| | ||
| 040 | |a GR-MyUa |b gre |c GR-MyUa |e AACR2 | ||
| 041 | 0 | |a ger | |
| 082 | 7 | |a 512.7 |2 (23) | |
| 100 | 1 | |a Fueter, Rudolf, |d 1880-1950. | |
| 245 | 1 | 0 | |a Synthetische zahlenttheorie / |c von Rudolf Fueter. |
| 250 | |a 3η έκδ. αναθ. | ||
| 260 | |a Berlin : |b W. de Gruyter & co., |c 1925 | ||
| 300 | |a viii, 248 σ. ; |c 23 εκ. | ||
| 490 | 1 | |a (Goschens Lehrbucherei. Reine und angewadte Mathematik) |v 4 | |
| 650 | 0 | |a Number theory | |
| 650 | 0 | |a Group theory | |
| 830 | 0 | |a Goschens Lehrbucherei. Reine und angewadte Mathematik |v 4 | |
| 852 | |a INST |b SAMOS |c MAG |e 20150522 |h 512.7 FUE |p 005300034587 |q 005300034587 |t BK |y 0 | ||
| 970 | |a Σιτζίμη |b Γιασεμή |z 2015/05/22 | ||